000
00263nam a2200097Ia 4500
082
_a
745.72 MUL
245
0
_a
BAUERNMALEREI AN OLD FOLKS ART
100
_a
MULLER, M. Kaapstad, 1983
_9
99293
942
_c
BK
008
210817s9999 xx 000 0 und d
999
_c
421573
_d
421572